Can you name the 80s Song based on the Lyrics? #5 - Statistics

General Stats
  • This quiz has been taken 32 times
  • The average score is 5 of 15
Answer Stats
Hint Answer % Correct
Oh-oh, here she comesWatch out, boy, she'll chew you up Maneater
89%
All around me are fimiliar facesWorn out places, worn out faces Mad World
52%
And if I only couldI'd make a deal with God And I'd get him to sawp our places Running Up That Hill
52%
Acting on your best behaviourTurn your back on Mother Nature Everybody Wants To Rule The World
48%
Whatever you may needIf you got the money, honey We got your disease Welcome To The Jungle
41%
One day is fine and next is black So if you want me of my backWell, come on and let me know Should I Stay or Should I Go
37%
He's gotta be strong, and he's gotta be fastAnd he's gotta fresh from the fight Holding Out for a Hero
30%
She's got something mysteriousAnd now it seems I'm falling for her Invisible Touch
30%
Working double time on the seduction lineShe's one of a kind, she's just mine, all mine You Shook Me All Night Long
30%
Say you don't know me or recognize my faceSay you don't care who goes to that kind of place We Built This City
26%
FightBaby, I'll fight To win back your love agian Still Loving You
15%
HighThere's no end to the lenghts I'll go to Hunting High and Low
4%
There is a woman, far over the seaStranding and waiting, praying for me Lie To Me
4%
Schoolbag in hand, she leaves home in the early morningWaving goodbye with and absent-minded smile Slipping Throught My Fingers
0%
Sometimes I feel I've got to run awayI've got to get away From the pain you drive into the heart of me Tinted Love
0%
No matching quizzes found
Score Distribution
Percent of People with Each Score
Percentile by Number Answered
Your Score History
You have not taken this quiz